000 00302nam a2200109Ia 4500
008 240731s9999 xx 000 0 und d
245 0 _aMedical Informatics and the Internet in Medicine
260 _bTaylor & Francis
856 _uhttps://www.tandfonline.com/loi/imif19
942 _2ddc
942 _cTFEJ
999 _c78530
_d78530
945 _a1
_bMadushi Gamage
_c1
_dMadushi Gamage